=LDR 00000nam 2200000 4500 =001 INLIS000000000048577 =005 20161124091643.0 =006 =007 =008 =020 ##$$a 978-602-9052-17-6 =035 ##$$0010-111600000000156 =040 ##$$a NBPDMAT =082 ##$$a 720.959 847 =090 ##$$a 720.959 847 $bFai a =100 ##$$a Faisal =245 ##$$a Arsitektur tradisional masyarakat adat kajang $c / Faisal =260 ##$$a Jakarta $b Kementrian Kebudayaan dan Pariwisata $c 2012 =300 ##$$a viii, 138 hlm. : $b ilus. ; $c 20 cm =500 ##$$a Bibliografi : hlm 135 - 136 =650 ##$$a Arsitektur Tradisional-Kajang =850 ##$$a NBPDMAT =990 ##$$a 31600223